[Event "AUTO-ADV-2149"]
[Site "http://www.queenalice.com/game.php?id=934798"]
[Date "2011.5.6"]
[Round "1"]
[White "plot24"]
[Black "ViniciusCastro"]
[Result "1-0"]
[WhiteElo "1789"]
[BlackElo "1900"]

1. d4 d5 2. e3 Nc6 3. Bd3 Nf6 4. c3 e6 5. a3 Bd6 6. Nf3 O-O 7. Nbd2 Bd7 8. c4
dxc4 9. Nxc4 Be7 10. Bd2 a6 11. e4 b5 12. Ne3 Be8 13. Bc3 b4 14. axb4 Nxb4 15.
Bb1 c5 16. d5 exd5 17. Nf5 d4 18. Nxe7+ Qxe7 19. Bxb4 cxb4 20. O-O Bb5 21. Re1
Qc5 22. e5 Ng4 23. h3 Nh6 24. Qxd4 Rac8 25. Qe4 g6 26. Qf4 Kg7 27. Nd4 Rcd8 28.
Rd1 Nf5 29. Bxf5 gxf5 30. Qg5+ Kh8 31. Qf6+ Kg8 32. Nxf5 1-0

[Event "AUTO-ADV-2184"]
[Site "http://www.queenalice.com/game.php?id=947314"]
[Date "2011.6.8"]
[Round "1"]
[White "ViniciusCastro"]
[Black "msbasso01"]
[Result "0-1"]
[WhiteElo "1905"]
[BlackElo "2071"]

1. d4 Nf6 2. c4 e5 3. d5 d6 4. Nc3 h6 5. Nf3 Bg4 6. e4 Nbd7 7. Be2 Be7 8. O-O
Nc5 9. b4 Ncxe4 10. Nxe4 Nxe4 11. h3 Nc3 12. Qd3 Nxe2+ 13. Qxe2 Bf5 14. Ba3 O-O
15. Rfd1 b6 16. Rac1 a5 17. b5 Bh7 18. Bb2 f5 19. a4 Bf6 20. Re1 Qd7 21. Ra1
Rae8 22. Ra3 Re7 23. g3 Rfe8 24. Re3 Bg6 25. Qd2 Bh5 26. Kg2 Rf7 27. Nh2 Ref8
28. f4 e4 29. Bxf6 Rxf6 30. Rf1 Bg6 31. Kg1 Bh7 32. Qg2 Re8 33. g4 fxg4 34. hxg4
Rf7 35. f5 Qd8 36. Rxe4 Rxe4 37. Qxe4 Re7 38. Qf3 Re5 39. Qc3 Qg5 40. Qc1 Rxf5
41. Qxg5 Rxg5 42. Kf2 Bc2 43. Ra1 Bb3 44. Kg3 Bxc4 45. Rc1 Bb3 46. Rxc7 Bxa4 47.
Rc6 Rxd5 48. Rxb6 Bxb5 49. Rb8+ Kf7 50. Nf3 a4 51. Ra8 Rd3 52. Kf4 Bc6 53. Ra7+
Kf6 54. Ne1 Rc3 55. Ra5 a3 56. Ra6 Ke6 57. g5 hxg5+ 58. Kxg5 Bd5 59. Kg6 a2 60.
Kxg7 Rc1 61. Nd3 a1=Q+ 0-1

[Event "AUTO-ADV-2184"]
[Site "http://www.queenalice.com/game.php?id=947331"]
[Date "2011.6.8"]
[Round "1"]
[White "ViniciusCastro"]
[Black "VFA"]
[Result "1-0"]
[WhiteElo "1850"]
[BlackElo "1835"]

1. d4 d5 2. c4 c6 3. Nc3 Nf6 4. Bf4 Bf5 5. e3 e6 6. Nf3 Bb4 7. Be2 Bxc3+ 8. bxc3
O-O 9. cxd5 exd5 10. O-O Qa5 11. Qb3 b5 12. Ne5 Re8 13. a4 bxa4 14. Rxa4 Qd8 15.
Qb7 Nbd7 16. Nxc6 Qc8 17. Qxc8 Raxc8 18. Bb5 Nb6 19. Rxa7 Kh8 20. Ne7 Rxe7 21.
Rxe7 Be6 22. Rb7 Nc4 23. Bxc4 dxc4 24. Rfb1 h6 25. Rb8 Rxb8 26. Rxb8+ Kh7 27.
Rb7 Ne4 28. Be5 Nxc3 29. Rc7 Ne4 30. f3 Nd2 31. e4 f6 32. Bxf6 Kg6 33. Bxg7 Nb1
34. d5 Bg8 35. Bd4 Bf7 36. Rb7 Na3 37. Rb6+ Kg5 38. Be3+ Kh4 39. Rxh6+ Bh5 40.
g3+ 1-0

[Event "AUTO-ADV-2184"]
[Site "http://www.queenalice.com/game.php?id=947332"]
[Date "2011.6.8"]
[Round "1"]
[White "VFA"]
[Black "ViniciusCastro"]
[Result "1-0"]
[WhiteElo "1815"]
[BlackElo "1865"]

1. d4 d5 2. c4 dxc4 3. e4 b5 4. Nf3 a6 5. b3 cxb3 6. Qxb3 Bb7 7. Ne5 e6 8. Bxb5+
axb5 9. Qxb5+ Ke7 10. Qxb7 Ra6 11. Qxa6 Nxa6 12. Nc6+ Ke8 13. Nxd8 Kxd8 14. O-O
Nf6 15. Bg5 Be7 16. Bxf6 Bxf6 17. e5 Bg5 18. Nc3 Ke7 19. f4 Bh6 20. Rab1 Rd8 21.
Rfd1 Bxf4 22. Rb7 Kd7 23. Na4 Kc8 24. Rb3 Bxe5 25. g3 Bf6 26. Rc1 Bxd4+ 27. Kg2
Be5 28. Nc5 Nxc5 29. Rxc5 Bd6 30. Rcb5 Kd7 31. a4 Ke7 32. a5 Ra8 33. Rb2 Kd7 34.
Ra2 Kc6 35. Rb1 h5 36. a6 Bc5 37. h3 f5 38. Kf3 g5 39. h4 g4+ 40. Kf4 Bd6+ 41.
Kg5 Rg8+ 42. Kf6 Re8 43. a7 1-0

[Event "AUTO-ADV-2184"]
[Site "http://www.queenalice.com/game.php?id=947333"]
[Date "2011.6.8"]
[Round "1"]
[White "ViniciusCastro"]
[Black "essenfelder"]
[Result "1/2-1/2"]
[WhiteElo "1829"]
[BlackElo "2046"]

1. d4 d5 2. c4 c6 3. Nc3 Nf6 4. Bf4 Qb6 5. Qd2 e6 6. c5 Qd8 7. e3 b6 8. cxb6
axb6 9. Nf3 Bd6 10. Bxd6 Qxd6 11. Be2 O-O 12. O-O Ng4 13. g3 e5 14. dxe5 Nxe5
15. Nxe5 Qxe5 16. Qd4 Qxd4 17. exd4 Bh3 18. Rfe1 Nd7 19. Bf3 Nf6 20. Re7 Rfe8
21. Rae1 Rxe7 22. Rxe7 g6 23. Rc7 Re8 24. Be2 Re6 25. f4 Ne4 26. Nxe4 dxe4 27.
Bc4 Rf6 28. a4 Be6 29. Bxe6 Rxe6 30. Kf2 e3+ 31. Ke2 h5 32. Rb7 Re4 33. Rxb6
Rxd4 34. Kxe3 Rxa4 35. Rxc6 Rb4 36. Rc2 Kg7 37. Kd3 Kf6 38. Kc3 Rb6 39. b4 Kf5
40. Kb3 Ke6 41. Ka4 Ra6+ 42. Kb5 Ra8 43. Kc4 Rc8+ 44. Kb3 Rb8 45. Rc6+ Kd7 46.
Ra6 Rb7 47. Ka4 Kc7 48. b5 Kb8 49. Rf6 Ka7 50. Ra6+ Kb8 51. b6 f6 52. h4 g5 53.
hxg5 fxg5 54. fxg5 Rg7 55. Ra5 Rg6 56. Rb5 Kb7 57. Ka5 Rc6 58. Rb4 Rg6 59. Rb5
Rc6 60. Kb4 Rc8 61. g6 Rg8 62. Kc5 Rxg6 63. Rb3 Rg5+ 64. Kd4 Rg4+ 65. Ke5 h4 66.
gxh4 Rxh4 67. Kf5 Rh6 68. Kg5 Rxb6 69. Rxb6+ Kxb6 70. Kf6 1/2-1/2

[Event "AUTO-ADV-2184"]
[Site "http://www.queenalice.com/game.php?id=947334"]
[Date "2011.6.8"]
[Round "1"]
[White "essenfelder"]
[Black "ViniciusCastro"]
[Result "1-0"]
[WhiteElo "2025"]
[BlackElo "1838"]

1. e4 e5 2. Nf3 Nc6 3. Bb5 Nge7 4. O-O g6 5. c3 Bg7 6. d3 d6 7. d4 exd4 8. cxd4
Bd7 9. d5 Ne5 10. Bxd7+ Qxd7 11. Nc3 O-O 12. Nxe5 Bxe5 13. Bh6 Rfe8 14. f4 Bh8
15. f5 gxf5 16. exf5 f6 17. Qg4+ Kf7 18. Ne4 Ng8 19. Qh5+ Ke7 20. Rfe1 Kd8 21.
b3 Nxh6 22. Qxh6 Qg7 23. Qh5 Rg8 24. g3 Qg4 25. Qf7 Qg7 26. Qxg7 Rxg7 27. Nxf6
Re7 28. Ng8 Rxe1+ 29. Rxe1 Be5 30. Nh6 Ke8 31. Ng4 Kf7 32. Nxe5+ dxe5 33. Rxe5
Kf6 34. Re6+ Kxf5 35. Re7 Rc8 36. Rxh7 Ke5 37. Rh5+ Kd6 38. g4 Rg8 39. h3 a6 40.
Kg2 Kc5 41. Re5 Rf8 42. h4 Rf4 43. Kg3 Rd4 44. h5 Rd3+ 45. Kh4 Rd2 46. h6 Rh2+
47. Kg5 Rxa2 48. h7 Rh2 49. Kg6 1-0

[Event "QA-ANNIV-06"]
[Site "http://www.queenalice.com/game.php?id=966949"]
[Date "2011.7.31"]
[Round "5"]
[White "ViniciusCastro"]
[Black "justeldiablo"]
[Result "1-0"]
[WhiteElo "1889"]
[BlackElo "1891"]

1. d4 d5 2. c4 c6 3. Bf4 Nf6 4. Nc3 e6 5. e3 Bd6 6. Bxd6 Qxd6 7. c5 Qc7 8. Nf3
O-O 9. Bd3 Nbd7 10. O-O e5 11. dxe5 Nxe5 12. Nxe5 Qxe5 13. Qc2 g6 14. Ne2 Ng4
15. Ng3 Kg7 16. h3 Nh6 17. Rab1 f6 18. b4 Be6 19. a4 Rf7 20. b5 Raf8 21. bxc6
bxc6 22. e4 dxe4 23. Nxe4 f5 24. Nd6 Rd7 25. Qb2 Qxb2 26. Rxb2 Nf7 27. Re1 Nxd6
28. cxd6 Rxd6 29. Rb7+ Rf7 30. Ba6 Kf6 31. Reb1 Rdd7 32. R7b4 c5 33. R4b2 c4 34.
Rc2 Rc7 35. Rbc1 c3 36. Rxc3 Rxc3 37. Rxc3 h6 38. f3 g5 39. Bc4 Bxc4 40. Rxc4
Re7 41. Rc6+ Re6 42. Rc7 Ra6 43. Kh2 Rxa4 44. Rc6+ Kg7 45. Rc7+ Kg6 46. Rc6+ Kh5
47. g4+ fxg4 48. fxg4+ Rxg4 49. hxg4+ Kxg4 50. Rxh6 Kf4 51. Ra6 1-0

[Event "AUTO-ADV-2051"]
[Site "http://www.queenalice.com/game.php?id=968103"]
[Date "2011.8.2"]
[Round "2"]
[White "ViniciusCastro"]
[Black "mouderjr"]
[Result "1-0"]
[WhiteElo "1856"]
[BlackElo "1885"]

1. d4 d5 2. c4 Nc6 3. Nf3 g6 4. Bf4 Bg7 5. e3 Bg4 6. Nbd2 e6 7. cxd5 exd5 8. Be2
Nf6 9. O-O Ne7 10. Rc1 c6 11. h3 Bf5 12. Nb3 b6 13. Ne5 Bd7 14. Nxd7 Qxd7 15.
Bg5 Ne4 16. Bxe7 Qxe7 17. Rxc6 O-O 18. Bd3 Nf6 19. Qf3 Rac8 20. Rfc1 Rxc6 21.
Rxc6 Rd8 22. Qf4 h6 23. Qc7 Rd7 24. Qc8+ Bf8 25. Nd2 Kg7 26. Nf3 Rd8 27. Qc7 Qe8
28. Ne5 Be7 29. Qxa7 Ra8 30. Qxb6 Rxa2 31. Qb7 Ra1+ 32. Kh2 Qd8 33. Rc8 Qd6 34.
Qc7 Qxc7 35. Rxc7 Bd6 36. Rxf7+ 1-0

[Event "AUTO-ADV-2051"]
[Site "http://www.queenalice.com/game.php?id=968104"]
[Date "2011.8.2"]
[Round "2"]
[White "mouderjr"]
[Black "ViniciusCastro"]
[Result "0-1"]
[WhiteElo "1885"]
[BlackElo "1873"]

1. Nf3 Nf6 2. g3 Nc6 3. Bg2 e5 4. d3 Bc5 5. e3 O-O 6. a3 d5 7. Nc3 d4 8. exd4
exd4 9. Ne2 Re8 10. O-O Bg4 11. Re1 Ne5 12. Nxe5 Rxe5 13. Bf4 Re6 14. b4 Bb6 15.
Bxb7 Rb8 16. Ba6 Qe7 17. Kf1 Nd5 18. Bc4 Nxf4 19. Bxe6 Bxe2+ 20. Rxe2 Nxe2 21.
Bxf7+ Kxf7 22. Qxe2 Qxe2+ 23. Kxe2 Re8+ 24. Kf3 c5 25. Rb1 cxb4 26. Rxb4 Re1 27.
Rc4 Ra1 28. a4 Ra2 29. Ke4 Ke6 30. f4 g6 31. h4 h5 32. Rc6+ Kf7 33. Ke5 Rxa4 34.
Rf6+ Kg7 35. Ke6 Ra1 36. Rf7+ Kh6 37. Rf8 Kg7 38. Rf7+ Kg8 39. Kf6 Bd8+ 0-1

[Event "AUTO-ADV-2051"]
[Site "http://www.queenalice.com/game.php?id=968106"]
[Date "2011.8.2"]
[Round "2"]
[White "Parma"]
[Black "ViniciusCastro"]
[Result "0-1"]
[WhiteElo "1853"]
[BlackElo "1896"]

1. d4 d5 2. c4 c6 3. e3 Nf6 4. Nf3 Bg4 5. Nc3 e6 6. h3 Bh5 7. Be2 Bb4 8. O-O O-O
9. Bd2 Nbd7 10. Nh2 Bxe2 11. Nxe2 Bxd2 12. Qxd2 Ne4 13. Qc2 Nb6 14. c5 Nc4 15.
Nf3 Qa5 16. Nc3 Nxc3 17. Qxc3 Qxc3 18. bxc3 b6 19. cxb6 axb6 20. Rfb1 b5 21. Ne5
Nd2 22. Rd1 Ne4 23. Nxc6 Nxc3 24. Rd2 Ra6 25. Nb4 Ra4 26. Rc2 Ne4 27. Nd3 Rfa8
28. f3 Nd6 29. Rc6 Nf5 30. Nb2 R4a5 31. Kf2 g6 0-1

[Event "AUTO-OPEN-2506"]
[Site "http://www.queenalice.com/game.php?id=995065"]
[Date "2011.10.8"]
[Round "1"]
[White "fracci"]
[Black "ViniciusCastro"]
[Result "1-0"]
[WhiteElo "1887"]
[BlackElo "1957"]

1. d4 d5 2. e3 Nf6 3. Bd3 e6 4. Nd2 Bb4 5. c3 Ba5 6. f4 Nc6 7. Ngf3 O-O 8. O-O
Ne7 9. Ne5 Nd7 10. Qh5 g6 11. Qh6 Nxe5 12. fxe5 Nf5 13. Qh3 Qh4 14. Qxh4 Nxh4
15. e4 c6 16. g3 dxe4 17. Nxe4 Nf5 18. g4 Ne7 19. Bh6 Re8 20. Nf6+ Kh8 21. Nxe8
Nd5 22. Rxf7 1-0

[Event "AUTO-OPEN-2506"]
[Site "http://www.queenalice.com/game.php?id=995077"]
[Date "2011.10.8"]
[Round "1"]
[White "Antonino"]
[Black "ViniciusCastro"]
[Result "1-0"]
[WhiteElo "2057"]
[BlackElo "1910"]

1. e4 e5 2. Nf3 Nc6 3. Bc4 h6 4. d4 exd4 5. Nxd4 Nxd4 6. Qxd4 c5 7. Qd5 Qe7 8.
O-O Nf6 9. Qd3 Qe5 10. Bd2 Be7 11. Bc3 Qxe4 12. Qxe4 Nxe4 13. Bxg7 Rg8 14. Bxh6
d6 15. f3 Nf6 16. g3 Bd7 17. Nc3 a6 18. Rae1 b5 19. Nd5 Nxd5 20. Bxd5 Ra7 21.
Re3 Rg6 22. Rfe1 Be6 23. Bxe6 fxe6 24. Rxe6 Rxe6 25. Rxe6 Kf7 26. Re2 Ra8 27. h4
Rg8 28. Kf2 Rg6 29. Bd2 1-0

[Event "AUTO-OPEN-2506"]
[Site "http://www.queenalice.com/game.php?id=995078"]
[Date "2011.10.8"]
[Round "1"]
[White "ViniciusCastro"]
[Black "Antonino"]
[Result "0-1"]
[WhiteElo "1951"]
[BlackElo "1985"]

1. d4 d5 2. c4 e6 3. Nc3 Nf6 4. Bg5 Be7 5. Nf3 h6 6. Bh4 O-O 7. e3 c6 8. c5 Nh7
9. Bg3 b6 10. b4 a5 11. a3 bxc5 12. bxc5 Ba6 13. Bxa6 Rxa6 14. O-O Nd7 15. Rb1
Qc8 16. Qa4 g5 17. h3 f5 18. Be5 Bf6 19. Bd6 Re8 20. Rb2 Ra7 21. Rfb1 Kf7 22.
Ne2 Nhf8 23. Ng3 Kg6 24. Ne2 h5 25. Nh2 e5 26. dxe5 Bxe5 27. Bxe5 Rxe5 28. g4
fxg4 29. hxg4 h4 30. Qc2+ Kh6 31. Nf3 Re4 32. Qc3 Rxg4+ 33. Kf1 Ng6 34. Ned4
Qa6+ 35. Ke1 Rg2 36. Nf5+ Kh5 37. Qd4 g4 38. N3xh4 Nxh4 39. Ng3+ Rxg3 40. fxg3
Nf3+ 0-1

[Event "AUTO-MASTER-1513"]
[Site "http://www.queenalice.com/game.php?id=995255"]
[Date "2011.10.9"]
[Round "1"]
[White "leduar"]
[Black "ViniciusCastro"]
[Result "1/2-1/2"]
[WhiteElo "1919"]
[BlackElo "1900"]

1. e4 e5 2. Nf3 Nc6 3. Nc3 Bb4 4. Bc4 Nge7 5. a3 Ba5 6. b4 Bb6 7. b5 Na5 8. Nxe5
O-O 9. Nxf7 Rxf7 10. Bxf7+ Kxf7 11. d4 d6 12. O-O Bd7 13. a4 Ng6 14. Nd5 c6 15.
Qf3+ Kg8 16. Nxb6 axb6 17. bxc6 bxc6 18. Qd3 Qf6 19. Be3 Nh4 20. e5 Qe6 21. Bf4
dxe5 22. dxe5 Rf8 23. Bg3 Nf5 24. f4 Qd5 25. Qxd5+ cxd5 26. c3 Nc4 27. Bf2 Ra8
28. Rfd1 Bc6 29. Ra2 Ne7 30. Rda1 Kf7 31. Bd4 Ke6 32. g4 g6 33. Kf2 Ng8 34. h4
Nh6 35. Kg3 Na5 36. Ra3 Nc4 37. R3a2 Ra6 38. Kh3 Na5 39. Be3 Nf7 40. Bf2 Nc4 41.
Be1 Ne3 42. a5 b5 43. Bd2 Nc4 44. Be1 Nh6 1/2-1/2

[Event "AUTO-MASTER-1513"]
[Site "http://www.queenalice.com/game.php?id=995258"]
[Date "2011.10.9"]
[Round "1"]
[White "ViniciusCastro"]
[Black "RandyShane"]
[Result "1-0"]
[WhiteElo "1936"]
[BlackElo "2054"]

1. d4 Nf6 2. c4 e6 3. Nc3 Bb4 4. Bf4 O-O 5. e3 d5 6. Nf3 c5 7. a3 Bxc3+ 8. bxc3
cxd4 9. cxd4 Qa5+ 10. Qd2 Qxd2+ 11. Nxd2 Nc6 12. Bd3 a6 13. O-O dxc4 14. Nxc4
Nd5 15. Bg3 b5 16. Nd6 Rd8 17. Rfc1 Na5 18. Rab1 Nb7 19. Ne4 Nd6 20. Nxd6 1-0

[Event "AUTO-MASTER-1513"]
[Site "http://www.queenalice.com/game.php?id=995259"]
[Date "2011.10.9"]
[Round "1"]
[White "RandyShane"]
[Black "ViniciusCastro"]
[Result "0-1"]
[WhiteElo "2020"]
[BlackElo "1901"]

1. e4 e5 2. Nf3 Nc6 3. Bb5 Nge7 4. d4 exd4 5. Nxd4 Nxd4 6. Qxd4 a6 7. Bc4 b5 8.
Bb3 Bb7 9. O-O Ng6 10. Nc3 Qe7 11. Bd2 c5 12. Bxf7+ Kxf7 13. Qe3 b4 14. Nd5 Bxd5
15. exd5 Qxe3 16. Bxe3 Bd6 0-1